Las edades del hombre / [por] Diocesis de Castilla y León (Proyectan)

Guardado en:
書目詳細資料
企業作者: Diocesis de Castilla y León (Proyectan)
格式: 圖書
主題:
標簽: 添加標簽
沒有標簽, 成為第一個標記此記錄!

MARC

LEADER 00000nam^a2200000^u^4500
001 000538747
005 20250521000000.0
008 060220s1000^^^^^^^^^^^^r^^^^^000^0^spa^d
009 20260310131128.059
035 |a FMI 000005608 
037 |a Acervo Xavier Clavigero 
096 |a 9.0/1/E 
110 |a Diocesis de Castilla y León (Proyectan) 
245 1 4 |a Las edades del hombre / [por] Diocesis de Castilla y León (Proyectan) 
264 |a Salamanca (España) : Diócesis de Castilla y León, 1988 
300 |a XXXII-361 p. 
336 |a texto  |b txt  |2 rdacontenido 
337 |a sin mediación  |b n  |2 rdamedio 
338 |a volumen  |b nc  |2 rdasoporte 
597 |a El arte en la iglesia de Castilla y León 
649 |a XX 
650 |a ARTE 
910 |a Fondo Francisco Migoya Covarrubias S.J. 
920 |a Impresos - Libros 
930 |a Fondos Especiales 
905 |a 134 
901 |a SBC05608  |b IT2  |c ESP  |u 20250521 
902 |a https://opac.biblio.iteso.mx/vufind/Record/000538747